000 01138nam a22003137a 4500
003 EG-GICUC
005 20260121101156.0
008 251107s2000 ua ||||fr|||| 00| 0 ara d
017 _a1998/15756
020 _a977042481
040 _a EG-GICUC
_bara
_c EG-GICUC
_d EG-GICUC
_erda
041 _aara
082 0 4 _221
_a343.30535
_bم د . و
092 0 4 _221
099 _aLaw1 10 343.30535 2000
100 0 _aمدحت رمضان
_eمؤلف.
245 _aالوجيز فى شرح قانون الإجراءات الجنائية الإتحادى لدولة الإمارات العربية المتحدة /
_cمدحت رمضان
264 _aالقاهرة :
_bدار النهضة العربية ,
_c2000.
300 _a518صفحة;
_c24 سم
336 _2rda content
_atext
337 _2rda media
_aComputer
338 _2rda carrier
_aOnline Resource
546 _aالنص باللغة العربية
650 1 _aقانون جنائي
650 1 _a قانون الإجراءات الجنائية
856 4 0 _uhttps://fll.law.cu.edu.eg/fulltext/bks/B10-05816.pdf
905 _a44
_eYara
942 _2ddc
_cBK
_e21
_n0
999 _c41692
_d41692